The second conquest of Latin America coffee, henequen, and oil during the export boom, 1850-1930 (Registro nro. 68133)

Detalles MARC
000 -ENCABEZADO
Número de control [NR] 01250nam a22002777a 4500
008 - DE LONGITUD FIJA DE DATOS DE ELEMENTOS - INFORMACIÓN GENERAL
Elementos de longitud fija [NR] 130821s1998 xxuab gr eng
020 ## - NUMERO INTERNACIONAL NORMALIZADO PARA LIBROS [R]
Número Internacional Normalizado del libro [NR] 292781539
040 ## - FUENTE DE CATALOGACION [NR]
Agencia de catalogación original [NR] Co-BoUCM
Idioma de catalogación [NR] spa
041 00 - CODIGO DE IDIOMA [R]
Código de idioma para texto/pista de sonido o título separado [R] Inglés
245 04 - MENCION DE TITULO [NR]
Título [NR] The second conquest of Latin America coffee, henequen, and oil during the export boom, 1850-1930
Mención de responsabilidad, etc. [NR] editado por Steven C. Topik y Allen Wells
260 ## - PUBLICACION, DISTRIBUCION, ETC. (PIE DE IMPRENTA) [R]
Lugar de publicación, distribución, etc. [R] Austin (Texas, Estados Unidos)
Nombre del editor, distribuidor, etc. [R] Institute of Latin American Studies, University of Texas Press
Fecha de publicación, distribución, etc. [R] 1998
300 ## - DESCRIPCION FISICA [R]
Extensión [R] viii, 271 páginas
Otros detalles físicos [NR] gráficas, mapas
490 #0 - MENCION DE SERIE [R]
Mención de serie [R] ILAS critical reflections on Latin America
504 ## - NOTA DE BIBLIOGRAFIA, ETC. [R]
Nota de bibliografía, etc. [NR]
650 04 - ASIENTO SECUNDARIO DE MATERIA - TERMINO TEMATICO [R]
Término temático o nombre geográfico como elemento de entrada [NR] Comercio exterior
Subdivisión geográfica [R] América Latina
9 (RLIN) 11201
650 04 - ASIENTO SECUNDARIO DE MATERIA - TERMINO TEMATICO [R]
Término temático o nombre geográfico como elemento de entrada [NR] Comercio
9 (RLIN) 11192
650 04 - ASIENTO SECUNDARIO DE MATERIA - TERMINO TEMATICO [R]
Término temático o nombre geográfico como elemento de entrada [NR] Exportaciones
Subdivisión general [R] Historia
Subdivisión geográfica [R] América Latina
9 (RLIN) 15457
650 04 - ASIENTO SECUNDARIO DE MATERIA - TERMINO TEMATICO [R]
Término temático o nombre geográfico como elemento de entrada [NR] Henequén
Subdivisión general [R] Historia
Subdivisión geográfica [R] América Latina
9 (RLIN) 16745
650 04 - ASIENTO SECUNDARIO DE MATERIA - TERMINO TEMATICO [R]
Término temático o nombre geográfico como elemento de entrada [NR] Industria del café
Subdivisión general [R] Historia
Subdivisión geográfica [R] América Latina
9 (RLIN) 17429
650 04 - ASIENTO SECUNDARIO DE MATERIA - TERMINO TEMATICO [R]
Término temático o nombre geográfico como elemento de entrada [NR] Industria del petróleo
Subdivisión general [R] Historia
Subdivisión geográfica [R] América Latina
9 (RLIN) 7729
650 04 - ASIENTO SECUNDARIO DE MATERIA - TERMINO TEMATICO [R]
Término temático o nombre geográfico como elemento de entrada [NR] Mercado de exportación
Subdivisión geográfica [R] América Latina
9 (RLIN) 19340
700 1# - ASIENTO SECUNDARIO - NOMBRE PERSONAL [R]
Nombre personal [NR] Topik, Steven C.
Término de relación [R]
9 (RLIN) 167129
700 1# - ASIENTO SECUNDARIO - NOMBRE PERSONAL [R]
Nombre personal [NR] Wells, Allen
Fechas asociadas con el nombre [NR] 1951-
Término de relación [R]
9 (RLIN) 167130
942 ## - ELEMENTOS DE ENTRADA AGREGADOS (KOHA)
Tema principal Economía
Edición 1
Prefijo de la signatura top. (colección) Colección - Referencia
Parte restante de la signatura top. S445
Tipo de ítem principal el descrito en 300a Libro
Sistema de clasificación DEWEY
Clasificación 382.6
Existencias
Fecha de último préstamo Total préstamos Signatura topográfica Código de barras Última vez visto Ejemplar Price effective from Tipo de ítem Perdido Sistema de clasificación Dañado No prestable Tipo de ítem específico Suprimido Ubicación habitual Ubicación actual Localización Fecha de creación Forma de adquisición Costo
22/10/2018 1 R 382.6 S445 100108807 05/12/2025 Ej.1 03/02/2013 Libro   DEWEY     Libro   Claustro Claustro Mezanine 28/02/2010 Compra 62612.00